| Tag |
First Indicator |
Second Indicator |
Subfields |
| LEADER |
00000cam a2200000 4500 |
| 001 |
in00000051954 |
| 005 |
20151007080225.0 |
| 008 |
800423s1959 ilu 00010 eng |
| 010 |
|
|
|a 60001988
|
| 035 |
|
|
|a (OCoLC)06238078
|
| 035 |
|
|
|9 AAF4446AM
|
| 040 |
|
|
|a DLC
|c TXA
|d UtOrBLW
|
| 049 |
|
|
|a TXAM
|c [322361]
|
| 050 |
|
0 |
|a Z733.A74
|b H3
|
| 082 |
0 |
|
|a 027.7791
|
| 092 |
|
|
|a 027.7791
|b H343a
|
| 100 |
1 |
|
|a Harwell, Richard Barksdale.
|
| 245 |
1 |
4 |
|a The Arizona State University Library ;
|b report of a survey of the library /
|c by Richard Harwell and Everett T. Moore for the American Library Association.
|
| 264 |
|
1 |
|a Chicago,
|b [publisher not identified] ;
|c 1959.
|
| 300 |
|
|
|a 18 . ;
|c 28 cm.
|
| 336 |
|
|
|a text
|b txt
|2 rdacontent
|
| 337 |
|
|
|a unmediated
|b n
|2 rdamedia
|
| 338 |
|
|
|a volume
|b nc
|2 rdacarrier
|
| 500 |
|
|
|a Cover title.
|
| 610 |
1 |
0 |
|a University of Arizona.
|b Library.
|
| 700 |
1 |
|
|a Moore, Everett T.
|
| 710 |
2 |
|
|a American Library Association.
|
| 999 |
|
|
|a MARS
|
| 999 |
f |
f |
|s efe8e108-0281-3b6b-87f0-cae06f54ad99
|i 97f00991-699d-3d19-bf52-be1ef82b4581
|t 0
|
| 952 |
f |
f |
|p ric
|a Texas A&M University
|b Rellis Campus
|c Joint Library Facility
|d Remote Storage
|t 0
|e Z733.A74H3
|h Library of Congress classification
|i unmediated -- volume
|m A14826719014
|
| 998 |
f |
f |
|a Z733.A74H3
|t 0
|l Remote Storage
|